Oftalmología y enfermedades de la nariz, garganta y oídos / (Record no. 162808)

MARC details
000 -LEADER
campo de control de longitud fija 00790nam a2200193 i 4500
001 - NÚMERO DE CONTROL
campo de control 162808
003 - IDENTIFICADOR DE NÚMERO DE CONTROL
campo de control ES-MaACL
005 - FECHA Y HORA DE LA ÚLTIMA TRANSACCIÓN
campo de control 20230906212617.0
008 - DATOS DE LONGITUD FIJA--INFORMACIÓN GENERAL
campo de control de longitud fija 170427s1911 sp |||| | spa d
245 00 - MENCIÓN DEL TÍTULO
Título Oftalmología y enfermedades de la nariz, garganta y oídos /
Mención de responsabilidad, etc. por los profesores L Bach , Dr. Krusius, C. von Eicken y Verner Kümmel ; traducción directa del alemán por el Dr. Pablo González Muñoz.
260 ## - PUBLICACIÓN, DISTRIBUCIÓN, ETC.
Lugar de publicación, distribución, etc. Madrid :
Nombre del editor, distribuidor, etc. Saturnino Calleja,
Fecha de publicación, distribución, etc. 1911.
300 ## - DESCRIPCIÓN FÍSICA
Extensión 132 p. :
Otras características físicas il. ;
Dimensiones 22 cm.
490 1# - MENCIÓN DE SERIE
Mención de serie Anuario de ciencias médicas. Primera serie ;
Designación de volumen o secuencia 11
650 04 - PUNTO DE ACCESO ADICIONAL DE MATERIA--TÉRMINO DE MATERIA
Término de materia o nombre geográfico como elemento de entrada Oftalmología.
9 (RLIN) 15693
700 0# - ENTRADA AGREGADA--NOMBRE PERSONAL
Nombre de persona González Muñoz, Pablo.
9 (RLIN) 58833
830 0# - PUNTO DE ACCESO ADICIONAL DE SERIE-TÍTULO UNIFORME
Título uniforme Anuario de ciencias médicas. Primera serie ;
Designación de volumen o secuencia 11
9 (RLIN) 182797
852 ## - LOCALIZACIÓN
Ubicación ES-MaACL
Número de control de estantería B-11077
Holdings
Estatus retirado Estado de pérdida Estado de daño No para préstamo Biblioteca de origen Biblioteca actual Ubicación en estantería Fecha de adquisición Fuente de adquisición Total de préstamos Signatura topográfica completa Código de barras Visto por última vez Precio de reemplazo Tipo de ítem Koha
        Biblioteca del Ateneo de Madrid Biblioteca del Ateneo de Madrid Sala Pardo Bazán 27/04/2017     B-11077 1197475 23/02/2023 23/02/2023 Libro impreso